00981cam a2200265 a 4500001001000000003000600010005001700016008004100033040002900074041003800103082001600141100001500157240005100172245010500223260003600328300001700364490004500381534006100426500004500487504005300532650001500585650002400600700004600624830004500670000017465UkOxU20200929165125.0500101s1963 sp b 001 0 spa d aDO-SdBNPbspacLCdBNPHU17aspahgrc2Código de idioma MARC a188.7bE64p0 aEpictetus.10aDissertationes ab Arriano Digestae.lEspañol10aPláticas por Arriano /cEpicteto ; revisión y traducción por Pablo Jordan de Urríes y Azara. aBarcelona :bAlma Mater,c1963. av. :b22 cm.1 aHispánica de Autores Griegos y Latinos a[Título original]:tDissertationes ab Arriano Digestae aLa biblioteca sólo posee el volumen 2. aIncluye referencias bibliográficas e índice. 4aEstoicismo 4aFilosofía antigua1 aJordán de Urríes y Azara, Pablo,etr. 0aHispánica de Autores Griegos y Latinos